La Imprenta : diario de avisos, noticias y decretos diario de avisos, noticias y decretos

Publicado: Barcelona : Imprenta de Narciso Ramírez y Comp , 1871
Descripción Física: 2 v. ; periodicitat: diària ; 24 cm
Idioma: Español

MARC

LEADER 00000nas a2200000 a 4500
001 28749
003 AGDB
005 20260324180154.0
008 160829s1871-1879 xx 000 0 cat d
022 |a 2604-8973 
040 |a agdb  |b cat 
041 |a spa 
130 |a Imprenta (Ed. de la mañana)  |9 71870 
210 |a Imprenta  |b (Barcelona, 1871-1879, Ed. de la mañana) 
222 |a La Imprenta  |b (Barcelona, 1871-1879, Ed. de la mañana) 
245 |a La Imprenta :   |b diario de avisos, noticias y decretos 
246 |a El Telégrafo  |i Títol anterior: 
246 |a El Principado  |i Títol posterior:  
247 |a El Telégrafo 
250 |a Ed. de la mañana 
260 |a Barcelona :   |b Imprenta de Narciso Ramírez y Comp. ;   |c [1871-1879] 
300 |a 2 v. ;   |b periodicitat: diària ;   |c 24 cm 
362 0 |a Any 1, núm. 1 (29 agost 1871) - núm. 329 (5 desembre 1878) ; Núm. 1 ( 5 gener 1879)- Núm. 36 (9 febrer 1879) 
362 1 |a Diverses suspensions 
500 |a Periodicitat diària, amb edició de matí i de tarda.  
500 |a S'anomena El Telégrafo des del 15 de novembre de 1858 fins el 30 de juny de 1866. Del 10 d'agost de 1866 al 30 de setembre de 1868 surt amb el títol: El Principado. Reapareix l'1 d'octubre de 1868 fins el 27 d'agost de 1871 amb el nom de El Telégrafo. A partir del 10 de febrer de 1871 fins el 26 d'agost de 1879 continua amb el títol: La Imprenta. Torna a anomenar-se El Principado (27 d'agost de 1879 fins 26 de setembre del mateix any) i s'anomena El Diluvio entre el 27 de setembre de 1879 i l'11 d'ocutbre de 1934. Del dia 6 al 16 de novembre de 1934 reapareix momentàniament El Telégrafo, però torna a anomenar-se El Diluvio des del 17 de novembre de 1934 fins el 25 de gener de 1939.  
530 |a Existeix una edició digital en accés obert al portal ARCA. 
590 |a Descripció basada en el núm. 8 (8 gener 1875).  
590 |a El núm. 8 prové de 1124, exp. 1  
590 |a El núm. 69 prové de 1573, exp. 2  
651 0 |a Barcelona (Catalunya)  |v Diaris  |9 71868 
655 0 |a Revistes  |9 55823 
856 4 0 |u https://arca.bnc.cat/arcabib_pro/ca/consulta/registro.do?id=2431  |y Accés lliure (portal ARCA) 
866 |a 1874 (Núm. 69)  
866 |a 1875 (Núm. 8) 
901 |a Arxiu 
942 |n 1  |2 udc  |c REV 
952 |0 0  |1 0  |2 udc  |4 0  |6 REV2381  |7 1  |9 54601  |a Arxiu  |b Arxiu  |d 2025-11-30  |h Núm. 69 (10 març 1874) ; Núm. 8 (8 gener 1875)  |l 0  |o Rev-2381  |p 28748  |r 2016-12-01 00:00:00  |w 2016-12-01  |y ARXIU 
999 |c 58470  |d 58470